banner koha

Biossegurança laboratorial na rede LFDA: onde estamos e onde queremos chegar (Registro n. 327886)

MARC details
000 -LÍDER
fixed length control field 00864nab a2200229 4500
003 - CÓDIGO MARC DA AGÊNCIA CATALOGADORA
Campo de controle BR-BrBNA
005 - DATA E HORA DA ÚLTIMA ATUALIZAÇÃO
Campo de controle 20240930213234.0
008 - CAMPO DE TAMANHO FIXO
fixed length control field 240930b bl.||||| |||| 00| 0 por d
040 ## - FONTE DA CATALOGAÇÃO
Agência catalogadora BR-BrBNA
Idioma da catalogação por
072 ## - CATEGORIA AGRIS
Código AGRIS D50 ; T10 ; U30
100 ## - ENTRADA PRINCIPAL - NOME PESSOAL
Nome pessoal Mendonça, André de Oliveira
245 ## - TÍTULO PRINCIPAL
Título principal Biossegurança laboratorial na rede LFDA: onde estamos e onde queremos chegar
500 ## - NOTA GERAL
Nota geral 5 illus.
942 ## - ADDED ENTRY ELEMENTS (KOHA)
Koha item type Analítica
650 ## - ASSUNTO - THESAGRO
Cabeçalho tópico ou nome geográfico BIOSSEGURANÇA
650 ## - ASSUNTO - THESAGRO
Cabeçalho tópico ou nome geográfico LABORATÓRIO
650 ## - ASSUNTO - THESAGRO
Cabeçalho tópico ou nome geográfico LABORATÓRIOS FEDERAIS DE DEFESA AGROPECUÁRIA
650 ## - ASSUNTO - THESAGRO
Cabeçalho tópico ou nome geográfico ANÁLISE DE RISCO
650 ## - ASSUNTO - THESAGRO
Cabeçalho tópico ou nome geográfico LEGISLAÇÃO
773 0# - ENTRADA ANALÍTICA
Host Biblionumber 4945
Registro do item 316934
Imprenta Brasília-DF Ministério da Agricultura, Pecuária e Abastecimento . Secretaria de Defesa Agropecuária 2022 -
Outro identificador 2024-3481
Título Revista da Defesa Agropecuária (Brazil)
Colação v, 1(2) p. 18-22; (Jun 2023)
Número de controle de registro BR2024002766

Nenhum exemplar disponível.

BINAGRI

Telefone: (61)3218-2567/2388/3357/2097 - binagri@agro.gov.br

Ministério da Agricultura e Pecuária , Esplanada dos Ministérios, Bloco D, Anexo B, Brasília/DF, CEP: 70.043-900